| 000 | 00858nam a2200241Ia 4500 | ||
|---|---|---|---|
| 003 | OSt | ||
| 005 | 20251029111741.0 | ||
| 008 | 210716s2016 xx 000 0 und d | ||
| 020 | _a9781785889462 | ||
| 040 | _cAIMIT LIBRARY | ||
| 041 | _aeng | ||
| 082 |
_a005.7689 _22 _bSIGB |
||
| 100 |
_aSigman, Betsy Page. _9243106 |
||
| 245 |
_aSplunk essentials : _bfast paced and practical guide to demystifying big data and transforming it into operational intelligence / _cBy Betsy Page Sigman and Erickson Delgado. |
||
| 250 | _a2nd ed. | ||
| 260 |
_aMumbai : _bPackt Publishing Ltd , _c2016. |
||
| 300 |
_aiv, 221p. ; _bPB _c24 cm |
||
| 650 |
_aBringing in data _9243107 |
||
| 650 |
_aData models and pivot _9243108 |
||
| 650 |
_aBest practices and advanced queries _9243109 |
||
| 700 |
_aDelgado, Erickson. _9243110 |
||
| 942 |
_2ddc _cBK _e2nd _k005.7689 SIGB |
||
| 999 |
_c196754 _d196754 |
||